Přehled matematiky
Guardado en:
| Formato: | Libro |
|---|---|
| Lenguaje: | checo |
| Publicado: |
Brno
Barvič, Novotný
1947
|
| Etiquetas: |
Sin Etiquetas, Sea el primero en etiquetar este registro!
|
MARC
| LEADER | 00000nam a2200000 4500 | ||
|---|---|---|---|
| 001 | 0268907 | ||
| 005 | 20240822101713.1 | ||
| 041 | 0 | |a cze | |
| 044 | |a -CS | ||
| 245 | 1 | 0 | |a Přehled matematiky |c Otakar Maška |
| 264 | 1 | |a Brno |b Barvič, Novotný |c 1947 | |